000 00695nam a2200253Ia 4500
003 GCL
008 140319s9999 xx 000 0 ara d
040 _aGCL /
_cGCL
082 0 4 _a709.04
_bر خ
100 1 _aكمال الملاخ
245 1 0 _aخمسون سنة من الفن /
_cكمال الملاخ
700 1 _aرشدى اسكندر
260 _a[S.N] :
_bدار المعارف ،
_c1962
300 _a198 ص
650 0 4 _aالفنون الجميلة
650 0 4 _aالفنانون
650 0 4 _aالمدارس
650 0 4 _aالفن
650 0 4 _aالنحت
650 0 4 _aالرسم
650 0 4 _aالتربية الفنية
650 0 4 _aمعارض
942 _2ddc
_cBK
999 _c36517
_d36517